Outlines for funeral sermons: (Record no. 8737)

000 -LEADER
fixed length control field 00583nam a2200181 a 4500
001 - CONTROL NUMBER
control field :::00006515$&:&@@
003 - CONTROL NUMBER IDENTIFIER
control field OkBaRHE
005 - DATE AND TIME OF LATEST TRANSACTION
control field 20110401155344.0
008 - FIXED-LENGTH DATA ELEMENTS--GENERAL INFORMATION
fixed length control field s1974 j 000 0 eng u
040 ## - CATALOGING SOURCE
Transcribing agency
100 1# - MAIN ENTRY--PERSONAL NAME
Personal name Mees, Otto.
245 10 - TITLE STATEMENT
Title Outlines for funeral sermons:
Remainder of title and other helps.
260 ## - PUBLICATION, DISTRIBUTION, ETC. (IMPRINT)
Place of publication, distribution, etc Grand Rapids, MI., :
Name of publisher, distributor, etc Baker Book House
Date of publication, distribution, etc c1974
300 ## - PHYSICAL DESCRIPTION
Extent 320 p ;
Dimensions 21 cm.
650 ## - SUBJECT ADDED ENTRY--TOPICAL TERM
Topical term or geographic name as entry element Funeral
942 ## - ADDED ENTRY ELEMENTS (KOHA)
Source of classification or shelving scheme
Koha item type Books
Copies
Date acquired Damaged status Shelving location Date checked out Lost status Full call number Withdrawn status Barcode Current Location Date last seen Not for loan Koha item type Price effective from Permanent Location Source of classification or shelving scheme Total Checkouts Copy number
2010-04-14 General Stacks2011-03-19 BV 199 .M4 6515RHEMA Bible Training College2011-04-01 Books2010-04-14RHEMA Bible Training College 11